000 00843nam a2200289 i 4500
003 DO-SdBNP
005 20240322092322.0
007 ta
008 240322s2023 dr ao 001 0dspa d
020 _a9798889294177
040 _aDO-SdBNP
_bspa
_cBNPHU
_erda
082 4 _bP592b
_222
100 _aPicgardo, Radiannis Amelia
_eautora
_962270
245 1 0 _aBocados del pan de vida :
_b366 meditaciones sencillas para acompañar tus días /
_cRadiannis Amelia Pichardo R.
264 _aSanto Domingo :
_bBarkerbook,
_c2023.
300 _a383 páginas ;
_c24 cm.
336 _2rdacontent
_atexto
_btxt
337 _2rdamedia
_asin mediación
_bn
338 _2rdacarrier
_avolumen
_bnc
590 _aInventariado, 2024/ DG
700 _918786
700 _985058
700 _985059
700 _985060
910 _aDG
942 _2ddc
_cLBS1
999 _c56176
_d56176